000 00534nam a2200169 a 4500
001 000041292
005 20201002034748.0
008 130930s1985 dr 000 0 spa d
040 _aDO-SdBNP
_bspa
_cBNPHU
082 _axxxxxx
_bxxxxx
100 1 _aVallejo, César
_940275
245 1 0 _aObra poética completa /
_cCésar Vallejo ; prólogo Roberto Fernández Retamar.
250 _a2a ed.
260 _aSanto Domingo :
_bAlfa & Omega,
_c1985.
300 _axx, 301 p. ;
_c19 cm.
700 1 _aFernández Retamar, Roberto,
_epról.
_95808
999 _c40782
_d40782